La Tchécoslovaquie : (Record no. 37051)

MARC details
000 -LEADER
campo de control de longitud fija 01324nam a2200313 i 4500
001 - NÚMERO DE CONTROL
campo de control 37051
003 - IDENTIFICADOR DE NÚMERO DE CONTROL
campo de control ES-MaACL
005 - FECHA Y HORA DE LA ÚLTIMA TRANSACCIÓN
campo de control 20250826142135.0
007 - CAMPO FIJO DE DESCRIPCIÓN FÍSICA--INFORMACIÓN GENERAL
campo de control de longitud fija t|
008 - DATOS DE LONGITUD FIJA--INFORMACIÓN GENERAL
campo de control de longitud fija 030220q1917 fr ||||1| fre d
245 03 - MENCIÓN DEL TÍTULO
Título La Tchécoslovaquie :
Resto del título conférences faites áa l'Union Française.
260 ## - PUBLICACIÓN, DISTRIBUCIÓN, ETC.
Lugar de publicación, distribución, etc. Paris :
Nombre del editor, distribuidor, etc. Georges Cres et Cie.,
Fecha de publicación, distribución, etc. [1917?]
300 ## - DESCRIPCIÓN FÍSICA
Extensión 206 p. ;
Dimensiones 18 cm.
490 1# - MENCIÓN DE SERIE
Mención de serie Bibliothèque de l'Union Française
505 8# - NOTA DE CONTENIDO CON FORMATO
Nota de contenido con formato Contiene: La Tchécoslovaquie: la terre et les hommes / par Jean Brunhes . La Tchécoslovaquie économique / par Louis Eisenmann . La littérature tchécoslovaque / par H. Jelinek . L'art tchécoslovaque / par Camille Mauclair . Les français áa Prague / par Jean Pozzi
650 #4 - PUNTO DE ACCESO ADICIONAL DE MATERIA--TÉRMINO DE MATERIA
Término de materia o nombre geográfico como elemento de entrada Literatura checa-
Subdivisión general Historia y crítica.
9 (RLIN) 172922
650 #7 - PUNTO DE ACCESO ADICIONAL DE MATERIA--TÉRMINO DE MATERIA
Término de materia o nombre geográfico como elemento de entrada Arte checo
Fuente del encabezamiento o término embne
9 (RLIN) 149798
650 #4 - PUNTO DE ACCESO ADICIONAL DE MATERIA--TÉRMINO DE MATERIA
Término de materia o nombre geográfico como elemento de entrada Franceses-
Subdivisión geográfica Checoslovaquia.
9 (RLIN) 172921
651 #4 - PUNTO DE ACCESO ADICIONAL DE MATERIA--NOMBRE GEOGRÁFICO
Nombre geográfico Checoslovaquia-
Subdivisión general Descripción.
9 (RLIN) 161809
651 #4 - PUNTO DE ACCESO ADICIONAL DE MATERIA--NOMBRE GEOGRÁFICO
Nombre geográfico Checoslovaquia-
Subdivisión general Situación económica.
9 (RLIN) 140368
700 1# - ENTRADA AGREGADA--NOMBRE PERSONAL
Nombre de persona Brunhes, Jean.
9 (RLIN) 32179
700 1# - ENTRADA AGREGADA--NOMBRE PERSONAL
Nombre de persona Eisenmann, Louis.
9 (RLIN) 46860
700 1# - ENTRADA AGREGADA--NOMBRE PERSONAL
Nombre de persona Jelinek, H.
9 (RLIN) 66279
700 1# - ENTRADA AGREGADA--NOMBRE PERSONAL
Nombre de persona Mauclair, Camille,
Fechas asociadas al nombre 1872-1945
9 (RLIN) 79178
700 1# - ENTRADA AGREGADA--NOMBRE PERSONAL
Nombre de persona Pozzi, Jean.
9 (RLIN) 93561
830 1# - PUNTO DE ACCESO ADICIONAL DE SERIE-TÍTULO UNIFORME
Título uniforme Bibliothèque de l'Union Française
9 (RLIN) 229624
852 ## - LOCALIZACIÓN
Ubicación ES-MaACL
Número de control de estantería G-3554
Holdings
Estatus retirado Estado de pérdida Estado de daño No para préstamo Biblioteca de origen Biblioteca actual Ubicación en estantería Fecha de adquisición Fuente de adquisición Total de préstamos Signatura topográfica completa Código de barras Visto por última vez Precio de reemplazo Tipo de ítem Koha
        Biblioteca del Ateneo de Madrid Biblioteca del Ateneo de Madrid Depósito 2 17/01/2008     G-3554 1038980 23/02/2023 23/02/2023 Libro impreso